02244cam a2200313 i 450000100190000000500170001900800410003601000170007702000180009403500220011203500240013404000400015804100080019804200080020605000220021410000350023624501040027126000540037530000240042950400510045350503660050452008720087065000150174265000260175765000300178394200080181395200940182199900150191599110747809340619620251022151105.0240712t20252025enk b 001 0 eng  a 2024032029 a9781398616059 a(OCoLC)1446129891 a(OCoLC)on1446129891 aDLCbengerdacDLCdOCLCOdIG#dYDX aeng apcc00aHB615b.R838 2025 aRuddick, Grahameauthor92626810aRisk rouletteb: the surprising reasons why some businesses work and others failc/ Graham Ruddick. aLondon ;aNew York, NY :bKogan Page Inc.,c2025. a198 pages ;c22 cm. aIncludes bibliographical references and index.0 aIntroduction: The chief risk officer — Risk is in the eye of the beholder — The six-foot tall man who drowned in the five-foot deep — stream — Innovation — All in — When to quit — Pushing the boundaries — Skydiving — Protecting what you have — FOMO — To infinity and beyond — Everyone has a stake — The existential crisis — Clusters. aSuccess requires taking a risk, or two. But have you ever bet the house on a seemingly good idea for it to become a bad business decision? Risk isn't just about being risky and having a blasé attitude to responsibility. It's about understanding risk more broadly, from the level of risk involved in a decision and how to reduce it, to the difference between short-term and long-term risk. Based on fifteen years researching and interviewing leaders from around the world, including Baroness Martha Lane Fox, Andre Lacroix, Ed Smith, Ayrton Senna from Formula 1 and more, journalist Graham Ruddick, has found that there's a pivotal trait leaders have when it comes to success: they understand risk. Join icons from the worlds of business, finance, journalism and sport who know how to make risk work for them and push the boundaries so you can elevate your business. 0aRisk94552 0aRisk management92878 0aSuccess in business91506 2lcc 00102lcc4070aTBSbTBSd2025-10-22l0oHB615 RUDpB05797r2025-10-22t1w2025-10-22y1 c5084d5084